| 000 | 00909nam a22003017a 4500 | ||
|---|---|---|---|
| 003 | CHAP | ||
| 005 | 20220329135751.0 | ||
| 008 | 971013c19581949 r 00010 d | ||
| 010 | _a41760 | ||
| 011 | _a42732 | ||
| 035 | _a46861 | ||
| 040 | _cCHAP | ||
| 082 |
_a581.4 _bF6 1949 |
||
| 100 | 0 | 0 |
_aFoster, Adriance S. _942678 |
| 245 | _aPractical plant anatomy | ||
| 250 | _a2 ed. | ||
| 260 |
_aPrinceton : _bVan Nostrand, _c1958 (c.1949) |
||
| 300 | _a228 p. | ||
| 590 |
_aBATCH-UPD _b10 _c20130110 _lUCH01 _h1910 |
||
| 590 |
_aBATCH-UPD _b10 _c20130410 _lUCH01 _h1237 |
||
| 590 |
_aBATCH-UPD _b10 _c20130914 _lUCH01 _h0326 |
||
| 590 |
_aCONVERSION _b10 _c20130109 _lUCH01 _h1323 |
||
| 650 | 1 | 4 |
_aAnatomÃa vegetal. _95495 |
| 901 | _aBK | ||
| 942 | _cLIBRO | ||
| 949 |
_a581.4 F6 1949 _bBC _cBPA _d-106746 _eBPA _fc.2 _h51488 _i46861 _si |
||
| 949 |
_a581.4 F6 1949 _bBC _cLIBRO _d33724002205405 _eLIBRO _h38130 _i46861 _si |
||
| 999 |
_c41760 _d41760 |
||